Zur Frage der determinierenden Deklination im Juraksamojedischen

Elmentve itt :
Bibliográfiai részletek
Szerző: Németh Gyuláné Sebestyén Irén
Dokumentumtípus: Cikk
Megjelent: Akadémiai Kiadó Budapest 1960
Sorozat:Acta Linguistica Academiae Scientiarum Hungaricae;Acta linguistica Hungarica : an international journal of linguistics
Kulcsszavak:Szamojéd nyelvtörténet
Tárgyszavak:
Online Access:http://misc.bibl.u-szeged.hu/65997
LEADER 00956nab a2200241 i 4500
001 misc65997
005 20240226110617.0
008 230727s1960 hu o 000 ger d
040 |a SZTE Miscellanea Repozitórium  |b hun 
041 |a ger 
041 |a rus 
100 2 |a Németh Gyuláné Sebestyén Irén 
245 1 4 |a Zur Frage der determinierenden Deklination im Juraksamojedischen  |h [elektronikus dokumentum] /  |c  Németh Gyuláné Sebestyén Irén 
260 |a Akadémiai Kiadó  |b Budapest  |c 1960 
300 |a 55-93  |c 24 cm 
300 |a [39] p.  |c 24 cm 
490 0 |a Acta Linguistica Academiae Scientiarum Hungaricae;Acta linguistica Hungarica : an international journal of linguistics 
561 |a Németh Gyula hagyaték 
591 |a NOU 5436; NOU 5437 
650 4 |a Bölcsészettudományok 
650 4 |a Nyelvek és irodalom 
695 |a Szamojéd nyelvtörténet 
856 4 0 |u http://misc.bibl.u-szeged.hu/65997/1/5436_nou.pdf  |z Dokumentum-elérés